000 00982nam0a2200313 4500
001 RU\NLR\bibl\1825446
005 20250616162511.0
010 _a978-5-9533-5993-1
_95000
021 _aRU
_b2011-64010
_9501д/11
035 _a(NLR Aleph) 001815976
090 _a1938329
_c1938329
100 _a20111026d2011 |||y0rusy50 ca
101 1 _arus
_cger
102 _aRU
105 _ay |||||||||
200 1 _aАрденны
_e[роман]
_fМихель Гавен
_g[пер. с нем. В.Б. Дьяковой]
210 _aМосква
_cВече
_d2011
215 _a286, [1] с.
_d21
225 1 _aСекретный фарватер
686 2 _aШ6(2=Р)8-446
700 1 _4070
_7ca
_8rus
_aГавен
_bМ.
_cжурналист, историк
_gМихель
_9180644
_3RU\NLR\AUTH\770180695
801 0 _aRU
_bNLR
_c20111026
_gRCR
801 1 _aRU
_bNLR
_c20111026
942 _cBOOK
980 _aNB
980 _aNBR